LEADER 01812oam 2200517M 450 001 9910716153103321 005 20200213070923.1 035 $a(CKB)5470000002518584 035 $a(OCoLC)1065608642 035 $a(OCoLC)995470000002518584 035 $a(EXLCZ)995470000002518584 100 $a20071213d1925 ua 0 101 0 $aeng 135 $aurcn||||||||| 181 $ctxt$2rdacontent 182 $cc$2rdamedia 183 $acr$2rdacarrier 200 10$aRussell H. Lindsay. December 19, 1925. -- Committed to the Committee of the Whole House and ordered to be printed 210 1$a[Washington, D.C.] :$c[U.S. Government Printing Office],$d1925. 215 $a1 online resource (6 pages) 225 1 $aHouse report / 69th Congress, 1st session. House ;$vno. 15 225 1 $a[United States congressional serial set ] ;$v[serial no. 8531] 300 $aBatch processed record: Metadata reviewed, not verified. Some fields updated by batch processes. 300 $aFDLP item number not assigned. 606 $aAttorneys general's opinions 606 $aClaims 606 $aTuberculosis 606 $aDisabled veterans 606 $aNavies$xOfficers 608 $aLegislative materials.$2lcgft 615 0$aAttorneys general's opinions. 615 0$aClaims. 615 0$aTuberculosis. 615 0$aDisabled veterans. 615 0$aNavies$xOfficers. 701 $aStephens$b Ambrose Everett Burnside$f1862-1927$pRepublican (OH)$01389558 801 0$bWYU 801 1$bWYU 801 2$bOCLCO 801 2$bOCLCQ 801 2$bOCLCO 801 2$bOCLCQ 906 $aBOOK 912 $a9910716153103321 996 $aRussell H. Lindsay. December 19, 1925. -- Committed to the Committee of the Whole House and ordered to be printed$93441312 997 $aUNINA LEADER 02932nam 22005772 450 001 9910783109103321 005 20151005020621.0 010 $a1-107-13682-2 010 $a1-280-43099-0 010 $a9786610430994 010 $a1-139-14897-4 010 $a0-511-17867-0 010 $a0-511-06201-X 010 $a0-511-05568-4 010 $a0-511-30589-3 010 $a0-511-49157-3 010 $a0-511-07047-0 035 $a(CKB)1000000000018157 035 $a(EBL)218247 035 $a(OCoLC)70743991 035 $a(MiAaPQ)EBC218247 035 $a(UkCbUP)CR9780511491573 035 $a(EXLCZ)991000000000018157 100 $a20090302d2003|||| uy| 0 101 0 $aeng 135 $aur||||||||||| 181 $ctxt$2rdacontent 182 $cc$2rdamedia 183 $acr$2rdacarrier 200 10$aDeterrence now /$fPatrick M. Morgan$b[electronic resource] 210 1$aCambridge :$cCambridge University Press,$d2003. 215 $a1 online resource (xx, 331 pages) $cdigital, PDF file(s) 225 1 $aCambridge studies in international relations ;$v89 300 $aTitle from publisher's bibliographic system (viewed on 05 Oct 2015). 311 $a0-521-52969-7 311 $a0-521-82257-2 327 $a1. History: deterrence in the Cold War -- 2. Deterrence and rationality -- 3. General deterrence -- 4. Testing, testing, one ... two ... three -- 5. Collective actor deterrence -- 6. The revolution in military affairs and deterrence -- 7. Deterrence in the post-Cold War world -- 8. Some conclusions. 330 $aPatrick Morgan's authoritative study revisits the place of deterrence after the Cold War. By assessing and questioning the state of modern deterrence theory, particularly under conditions of nuclear proliferation, Morgan argues that there are basic flaws in the design of the theory that ultimately limits its utility. Given the probable patterns of future international politics, he suggests that greater attention be paid to 'general' deterrence as opposed to 'immediate' deterrence and to examining the deterrent capabilities of collective actors such as NATO and the UN Security Council. Finally he contends that the revolution in military affairs can promote less reliance on deterrence by retaliatory threats, support better collective management of peace and security and permit us to outgrow nuclear and other weapons of mass destruction. This new major work builds upon Patrick Morgan's landmark book, Deterrence (1983). 410 0$aCambridge studies in international relations ;$v89. 606 $aDeterrence (Strategy) 606 $aWorld politics$y1989- 615 0$aDeterrence (Strategy) 615 0$aWorld politics 676 $a355.02/17 700 $aMorgan$b Patrick M.$f1940-$0237429 801 0$bUkCbUP 801 1$bUkCbUP 906 $aBOOK 912 $a9910783109103321 996 $aDeterrence now$93702251 997 $aUNINA